|
|
|
|
| LEADER |
00000nam a2200000 a 4500 |
| 001 |
vtls001487111 |
| 003 |
SK-MaSNL |
| 005 |
20260302073753.0 |
| 008 |
240226s2004 xo ol f 001 0 slo |
| 015 |
|
|
|a SNBA2005/10-04065
|
| 020 |
|
|
|a 8071459577
|q (viaz.)
|
| 035 |
|
|
|a SNK000442403
|
| 035 |
|
|
|a urn:nbn:sk:snk-amygpi
|
| 035 |
|
|
|a urn:nbn:sk:snk-am00ckum
|
| 035 |
|
|
|a E2ACEB27-4C65-4390-A310-595618EF004E
|
| 040 |
|
|
|a SNK
|b slo
|c SNK
|e AACR2
|
| 041 |
1 |
|
|a slo
|h eng
|
| 044 |
|
|
|a xo
|c SK
|
| 072 |
|
7 |
|a 523/524
|x Slnečná sústava. Hvizdy. Vesmír
|2 konspekt
|
| 080 |
|
|
|a 524.8
|2 MDT-MRF
|
| 080 |
|
|
|a (0.062)
|2 MDT-MRF
|
| 080 |
|
|
|a 530.1
|2 MDT-MRF
|
| 100 |
1 |
|
|a Hawking, Stephen,
|d 1942-2018
|4 aut
|9 176582
|
| 240 |
1 |
0 |
|a Illustrated a brief history of time
|l Slovensky
|
| 245 |
1 |
0 |
|a Ilustrovaná stručná história času
|c Stephen Hawking; [z anglického originálu preložili Anton Šurda a Igor Kapišinský]
|
| 250 |
|
|
|a 1. slov. vyd.
|
| 260 |
|
|
|a Bratislava
|b Slovart
|c 2004
|
| 300 |
|
|
|a 256 s.
|b fareb. ilustr., sch.
|c 26 cm
|
| 504 |
|
|
|a Slovníček základných pojmov. Reg.
|
| 650 |
0 |
7 |
|a teoretická fyzika
|2 SNKPH
|9 67298
|
| 650 |
0 |
7 |
|a kozmológia
|2 SNKPH
|9 732
|
| 655 |
|
7 |
|a populárno-náučné publikácie
|2 SNKPH
|9 70460
|
| 700 |
1 |
|
|a Šurda, Anton,
|d 1946-
|4 trl
|9 39880
|
| 700 |
1 |
|
|a Kapišinský, Igor,
|d 1947-2014
|4 trl
|9 88588
|
| 919 |
|
|
|a 80-7145-957-7
|
| 958 |
|
|
|a OND
|
| 968 |
|
|
|b ENG
|d 52
|
| 999 |
|
|
|c 1162295
|d 1164225
|
| 952 |
|
|
|t P60, <03>, [BOOK], {603}, -K-
|a SNK
|b SNK
|y PREZ
|7 0
|p 17A0451819
|o snkSB 69743
|i snkKSP 15939/2004
|0 0
|1 0
|4 0
|d 2004-12-15
|f 1
|l 0
|r 2025-04-23 00:00:00
|w 2026-02-24
|
| 952 |
|
|
|t P60, <04>, [BOOK], {604}
|a SNK
|b SNK
|y VYP
|7 0
|p 17A0451821
|o snkSB 69743 D1
|i snkKSP 15940/2004
|0 0
|1 0
|4 0
|d 2004-12-15
|l 0
|r 2005-01-02 00:00:00
|w 2026-02-24
|
| 952 |
|
|
|t snkHAW 524
|a SNKUST
|b SNKUST
|y PREZ
|7 0
|p 17A1024341
|o snkSB 69743 D2
|i snk2005/10351
|8 3
|g 16.56
|z xerokópia
|0 0
|1 0
|4 0
|d 2005-06-15
|l 0
|r 2025-03-20 00:00:00
|w 2026-02-24
|